000 00343nam a2200121 a 4500
005 20200930074615.0
008 111110s2011 000 spa d
020 _a9789945164350
100 _aBelliard, Marianella
_961726
245 0 _aDeportados: el rostro humano de una realidad social.
260 _aSanto Domingo,
_c2011.
999 _c35273
_d35273
040 _aDO-SdBNP